|
|
|
|
| LEADER |
00000naa2a2200000 4500 |
| 001 |
244671 |
| 005 |
20240118104952.0 |
| 035 |
|
|
|a (RuTPU)RU\TPU\book\266060
|
| 090 |
|
|
|a 244671
|
| 100 |
|
|
|a 20131025d2010 k y0rusy50 ca
|
| 101 |
0 |
|
|a rus
|
| 102 |
|
|
|a RU
|
| 200 |
1 |
|
|a Оценка влияния силы тяжести на процессы уравновешивания в жидкостных автоматических балансировочных устройствах
|f Г. Р. Зиякаев, Е. Н. Пашков, А. А. Мочалов
|
| 320 |
|
|
|a Библиогр.: с. 65 (1 назв.)
|
| 463 |
|
0 |
|0 (RuTPU)RU\TPU\book\229485
|t Современные проблемы машиностроения
|o труды V Международной научно-технической конференции, Томск, 23-26 ноября 2010 г.
|f Национальный исследовательский Томский политехнический университет (ТПУ)
|v С. 63-65
|d 2010
|p 657 с.
|
| 610 |
1 |
|
|a труды учёных ТПУ
|
| 700 |
|
1 |
|a Зиякаев
|b Г. Р.
|c специалист в области машиностроения
|c доцент Томского политехнического университета, кандидат технических наук
|f 1975-
|g Григорий Ракитович
|3 (RuTPU)RU\TPU\pers\25576
|9 11506
|
| 701 |
|
1 |
|a Пашков
|b Е. Н.
|c специалист в области машиностроения
|c доцент Томского политехнического университета, кандидат технических наук
|f 1975-
|g Евгений Николаевич
|3 (RuTPU)RU\TPU\pers\27734
|4 070
|9 12808
|
| 701 |
|
1 |
|a Мочалов
|b А. А.
|
| 801 |
|
1 |
|a RU
|b 63413507
|c 20131025
|
| 942 |
|
|
|c BK
|